Online
Catalog

Palmas dominicanas / (Record no. 9024)

MARC details
000 -CABECERA
campo de control de longitud fija 01217nam a2200301 a 4500
001 - NÚMERO DE CONTROL
campo de control 000009262
003 - IDENTIFICADOR DEL NÚMERO DE CONTROL
campo de control DO-SdBNP
005 - FECHA Y HORA DE LA ÚLTIMA TRANSACCIÓN
campo de control 20211126094002.0
008 - DATOS DE LONGITUD FIJA--INFORMACIÓN GENERAL
campo de control de longitud fija 090929s1945 dr a 001 0 spa d
040 ## - FUENTE DE LA CATALOGACIÓN
Centro catalogador/agencia de origen DO-SdBNP
Lengua de catalogación spa
Centro/agencia transcriptor BNPHU
082 #4 - NÚMERO DE LA CLASIFICACIÓN DECIMAL DEWEY
Número de clasificación 584.597293
Número de documento/Ítem M896p
100 1# - ENTRADA PRINCIPAL--NOMBRE DE PERSONA
Nombre de persona Moscoso, R. M.
9 (RLIN) 23968
245 10 - MENCIÓN DE TÍTULO
Título Palmas dominicanas /
Mención de responsabilidad, etc. R. M. Moscoso.
260 ## - PUBLICACIÓN, DISTRIBUCIÓN, ETC.
Lugar de publicación, distribución, etc. Ciudad Trujillo, República Dominicana :
Nombre del editor, distribuidor, etc. Montalvo ; Universidad de Santo Domingo,
Fecha de publicación, distribución, etc. 1945.
300 ## - DESCRIPCIÓN FÍSICA
Extensión 82 p. :
Otras características físicas il ;
Dimensiones 24 cm.
490 1# - MENCIÓN DE SERIE
Mención de serie Publicaciones de la Universidad de Santo Domingo
Designación de volumen o secuencia 33
500 ## - NOTA GENERAL
Nota general Contribución del Instituto Botanico III
504 ## - NOTA DE BIBLIOGRAFÍA, ETC.
Nota de bibliografía, etc. Incluye referencias bibliográficas [p. 73]
590 ## - NOTA LOCAL (RLIN)
Nota local Inventariado, 2019/VM
650 #4 - PUNTO DE ACCESO ADICIONAL DE MATERIA--TÉRMINO DE MATERIA
Término de materia o nombre geográfico como elemento de entrada Agricultura
Subdivisión geográfica Isla Española (Haití Y Republica Dominicana)
Subdivisión general Historia
9 (RLIN) 23969
650 #4 - PUNTO DE ACCESO ADICIONAL DE MATERIA--TÉRMINO DE MATERIA
Término de materia o nombre geográfico como elemento de entrada Palmas dominicanas
9 (RLIN) 23970
650 #4 - PUNTO DE ACCESO ADICIONAL DE MATERIA--TÉRMINO DE MATERIA
Término de materia o nombre geográfico como elemento de entrada Plantas oleaginosas
9 (RLIN) 23971
651 #4 - PUNTO DE ACCESO ADICIONAL DE MATERIA--NOMBRE GEOGRÁFICO
Nombre geográfico Isla Española (Haití Y República Dominicana)
Subdivisión general Plantas oleaginosas
-- Historia
9 (RLIN) 23972
710 2# - PUNTO DE ACCESO ADICIONAL--NOMBRE DE ENTIDAD CORPORATIVA
Nombre de entidad corporativa o nombre de jurisdicción como elemento de entrada Instituto Botánico de la Universidad de Santo Domingo
9 (RLIN) 23973
830 #0 - PUNTO DE ACCESO ADICIONAL DE SERIE-TÍTULO UNIFORME
Título uniforme Publicaciones de la Universidad de Santo Domingo
Número de parte o sección de la obra 33
9 (RLIN) 23974
910 ## - DATOS DE OPCIÓN DEL USUARIO (OCLC)
Datos de opción del usuario Validado. Control de calidad MFF
942 ## - ELEMENTOS DE PUNTO DE ACCESO ADICIONAL (KOHA)
Fuente del sistema de clasificación o colocación Dewey Decimal Classification
Tipo de ítem Koha Libro
Holdings
Estado de retiro Estado de pérdida No para préstamo Código de colección Localización permanente Ubicación/localización actual Ubicación en estantería Fecha de adquisición Número de inventario Total de préstamos Signatura topográfica completa Código de barras Fecha visto por última vez Número de copia Precio válido a partir de Tipo de ítem Koha Restricciones de uso
    Excluido de préstamo Patrimonio Dominicano Patrimonio Dominicano Patrimonio Dominicano Depósito 29.09.2009 LF1   584.597293 M896p 9262-20 25.06.2020 e. 2 25.06.2020 Libro y Folleto Colección Patrimonio Dominicano  
    Excluido de préstamo Raros y valiosos Patrimonio Dominicano Patrimonio Dominicano Depósito 29.09.2009 LF1   584.597293 M896p 9262-10 25.06.2020   25.06.2020 No se presta  

Powered by Koha